| 000 | 00445nam a2200157 a 4500 | ||
|---|---|---|---|
| 005 | 20150106151749.0 | ||
| 008 | 140130b2007 ck ||||| |||| 00| 0 spa d | ||
| 040 |
_aCO-BoIAVH _cCO-BoIAVH |
||
| 041 | _aspa | ||
| 044 | _ack | ||
| 090 |
_aIAVH _b01278 |
||
| 245 |
_aManejo general de aves rapaces en cautiverio _bAdaptado del Manual de manejo de aves rapaces |
||
| 260 |
_aBogotá _bIAVH _bCorpochivor _c2007 |
||
| 300 | _a39 h. | ||
| 942 |
_cINFORME _2z |
||
| 999 |
_c6811 _d6811 |
||